<?xml version="1.0" encoding="UTF-8"?>
<record
    xmlns:xsi="http://www.w3.org/2001/XMLSchema-instance"
    xsi:schemaLocation="http://www.loc.gov/MARC21/slim http://www.loc.gov/standards/marcxml/schema/MARC21slim.xsd"
    xmlns="http://www.loc.gov/MARC21/slim">

  <leader>03280cam a2200505   4500</leader>
  <controlfield tag="001">ocm00029494 </controlfield>
  <controlfield tag="003">OCoLC</controlfield>
  <controlfield tag="005">20230509123436.0</controlfield>
  <controlfield tag="008">691119t19691961cauabc   b    001 0 eng  </controlfield>
  <datafield tag="010" ind1=" " ind2=" ">
    <subfield code="a">   74092672 </subfield>
  </datafield>
  <datafield tag="016" ind1=" " ind2=" ">
    <subfield code="a">(AMICUS)000001913873</subfield>
  </datafield>
  <datafield tag="020" ind1=" " ind2=" ">
    <subfield code="a">0520014197</subfield>
  </datafield>
  <datafield tag="020" ind1=" " ind2=" ">
    <subfield code="a">9780520014190</subfield>
  </datafield>
  <datafield tag="029" ind1="1" ind2=" ">
    <subfield code="a">AU@</subfield>
    <subfield code="b">000000466999</subfield>
  </datafield>
  <datafield tag="029" ind1="1" ind2=" ">
    <subfield code="a">HEBIS</subfield>
    <subfield code="b">209862475</subfield>
  </datafield>
  <datafield tag="029" ind1="1" ind2=" ">
    <subfield code="a">NLGGC</subfield>
    <subfield code="b">780457498</subfield>
  </datafield>
  <datafield tag="029" ind1="1" ind2=" ">
    <subfield code="a">NZ1</subfield>
    <subfield code="b">2977096</subfield>
  </datafield>
  <datafield tag="029" ind1="1" ind2=" ">
    <subfield code="a">NLC</subfield>
    <subfield code="b">000001913873</subfield>
  </datafield>
  <datafield tag="035" ind1=" " ind2=" ">
    <subfield code="a">(OCoLC)29494</subfield>
    <subfield code="z">(OCoLC)976781468</subfield>
    <subfield code="z">(OCoLC)1171422837</subfield>
  </datafield>
  <datafield tag="037" ind1=" " ind2=" ">
    <subfield code="c">1.65</subfield>
  </datafield>
  <datafield tag="040" ind1=" " ind2=" ">
    <subfield code="a">DLC</subfield>
    <subfield code="b">eng</subfield>
    <subfield code="c">DLC</subfield>
    <subfield code="d">EL$</subfield>
    <subfield code="d">NLGGC</subfield>
    <subfield code="d">LVB</subfield>
    <subfield code="d">YDXCP</subfield>
    <subfield code="d">WY@</subfield>
    <subfield code="d">EZN</subfield>
    <subfield code="d">OCLCF</subfield>
    <subfield code="d">TAMSA</subfield>
    <subfield code="d">TWP</subfield>
    <subfield code="d">OCLCO</subfield>
    <subfield code="d">OCLCQ</subfield>
    <subfield code="d">NLC</subfield>
    <subfield code="d">DHA</subfield>
    <subfield code="d">OCLCQ</subfield>
    <subfield code="d">ERR</subfield>
    <subfield code="d">PEX</subfield>
    <subfield code="d">BGU</subfield>
    <subfield code="d">IL4J6</subfield>
    <subfield code="d">OCLCO</subfield>
  </datafield>
  <datafield tag="043" ind1=" " ind2=" ">
    <subfield code="a">e-po---</subfield>
  </datafield>
  <datafield tag="050" ind1="0" ind2="0">
    <subfield code="a">JV4211</subfield>
    <subfield code="b">B69</subfield>
  </datafield>
  <datafield tag="082" ind1="0" ind2="0">
    <subfield code="a">325/.3469/09</subfield>
    <subfield code="2">19</subfield>
  </datafield>
  <datafield tag="084" ind1=" " ind2=" ">
    <subfield code="a">15.50</subfield>
    <subfield code="2">bcl</subfield>
  </datafield>
  <datafield tag="084" ind1=" " ind2=" ">
    <subfield code="a">325.3469</subfield>
  </datafield>
  <datafield tag="100" ind1="1" ind2=" ">
    <subfield code="a">Boxer, C. R.</subfield>
    <subfield code="q">(Charles Ralph),</subfield>
    <subfield code="d">1904-2000.</subfield>
    <subfield code="9">14138</subfield>
  </datafield>
  <datafield tag="245" ind1="1" ind2="0">
    <subfield code="a">Four centuries of Portuguese expansion, 1415-1825;</subfield>
    <subfield code="b">a succinct survey,</subfield>
    <subfield code="c">by C.R. Boxer.</subfield>
  </datafield>
  <datafield tag="260" ind1=" " ind2=" ">
    <subfield code="a">Berkeley,</subfield>
    <subfield code="b">University of California Press,</subfield>
    <subfield code="c">1969 [&#xFFFD;1961]</subfield>
  </datafield>
  <datafield tag="300" ind1=" " ind2=" ">
    <subfield code="a">ix, 102 pages</subfield>
    <subfield code="b">illustrations, map, portrait</subfield>
    <subfield code="c">21 cm</subfield>
  </datafield>
  <datafield tag="336" ind1=" " ind2=" ">
    <subfield code="a">text</subfield>
    <subfield code="b">txt</subfield>
    <subfield code="2">rdacontent</subfield>
  </datafield>
  <datafield tag="337" ind1=" " ind2=" ">
    <subfield code="a">unmediated</subfield>
    <subfield code="b">n</subfield>
    <subfield code="2">rdamedia</subfield>
  </datafield>
  <datafield tag="338" ind1=" " ind2=" ">
    <subfield code="a">volume</subfield>
    <subfield code="b">nc</subfield>
    <subfield code="2">rdacarrier</subfield>
  </datafield>
  <datafield tag="504" ind1=" " ind2=" ">
    <subfield code="a">Includes bibliographical references (pages 94-96).</subfield>
  </datafield>
  <datafield tag="505" ind1="0" ind2=" ">
    <subfield code="a">Preface -- 1. From the Maghreb to the Moluccas, 1415-1521 -- The Western Rim of Christendom -- The Age of Discovery -- The Voyage of Vasco De Gama -- Portuguese Naval Supremacy in the East -- The Voyage of the Victoria -- The Estado da India -- 2. The Clash of Color, Caste, and Creed in The Sixteenth Century -- Holy Wars in Morocco -- Guinea Gold, Slaves, and Christians -- Peaceful Persuasion in the Congo -- The Mailed Fist in Angola -- Monomotapa and Mocambique -- The Swahili Coast -- Portuguese Missionary Methods in the East -- The Portuguese and the Colour-bar -- 3. The Struggle for Spice, Sugar, Slaves and Souls in the Seventeenth Century -- The Sixty Years' Captivity -- The Dutch Assault in the East and West -- The Battle of the Tongues -- Women in the Portuguese Empire -- Miscegenation in East and West -- Romanists and Calvinists -- The Padroado Real -- Jesuit Missionaries -- Amerindian and Negro Slavery -- Brazilian Beginnings -- 4. The Golden Age of Brazil in the Eighteenth Century -- The Colonization of Brazil -- Portugal's Economic Crisis -- The Gold-Rush in Mina Gerais -- Paulistas and Emboabas -- Expansion in Brazil -- Stagnation in Africa -- Contradiction in the East -- Pombal's Colonial Policy -- The Colonial Clergy -- Towards the Independence of Brazil -- A Tentative Balance-Sheet.</subfield>
  </datafield>
  <datafield tag="650" ind1=" " ind2="7">
    <subfield code="a">Portuguese colonies.</subfield>
    <subfield code="2">fast</subfield>
    <subfield code="0">(OCoLC)fst01930859</subfield>
    <subfield code="9">19066</subfield>
  </datafield>
  <datafield tag="651" ind1=" " ind2="0">
    <subfield code="a">Portugal</subfield>
    <subfield code="x">Colonies</subfield>
    <subfield code="x">History.</subfield>
    <subfield code="9">14144</subfield>
  </datafield>
  <datafield tag="651" ind1=" " ind2="4">
    <subfield code="a">Portugal</subfield>
    <subfield code="x">Colonies</subfield>
    <subfield code="x">History.</subfield>
    <subfield code="9">14144</subfield>
  </datafield>
  <datafield tag="651" ind1=" " ind2="6">
    <subfield code="a">Portugal</subfield>
    <subfield code="x">Colonies</subfield>
    <subfield code="x">Histoire.</subfield>
    <subfield code="9">19068</subfield>
  </datafield>
  <datafield tag="651" ind1=" " ind2="7">
    <subfield code="a">Portugal</subfield>
    <subfield code="x">Colonies</subfield>
    <subfield code="x">History.</subfield>
    <subfield code="2">nli</subfield>
    <subfield code="9">14144</subfield>
  </datafield>
  <datafield tag="655" ind1=" " ind2="7">
    <subfield code="a">History.</subfield>
    <subfield code="2">fast</subfield>
    <subfield code="0">(OCoLC)fst01411628</subfield>
    <subfield code="9">216</subfield>
  </datafield>
  <datafield tag="776" ind1="0" ind2="8">
    <subfield code="i">Online version:</subfield>
    <subfield code="a">Boxer, C.R. (Charles Ralph), 1904-</subfield>
    <subfield code="t">Four centuries of Portuguese expansion, 1415-1825.</subfield>
    <subfield code="d">Berkeley, University of California Press, 1969 [&#xFFFD;1961]</subfield>
    <subfield code="w">(OCoLC)574254822</subfield>
  </datafield>
  <datafield tag="942" ind1=" " ind2=" ">
    <subfield code="2">lcc</subfield>
    <subfield code="c">BK</subfield>
  </datafield>
  <datafield tag="948" ind1=" " ind2=" ">
    <subfield code="h">NO HOLDINGS IN GHUCC - 433 OTHER HOLDINGS</subfield>
  </datafield>
  <datafield tag="999" ind1=" " ind2=" ">
    <subfield code="c">43787</subfield>
    <subfield code="d">43787</subfield>
  </datafield>
</record>
